Marvel: Strażnicy Galaktyki vol.2 - Statystyki

Ogólne statystyki
  • Ten quiz został rozwiązany 13 razy
  • Średni wynik to 8 z 23
Statystyki odpowiedzi
Pytanie Odpowiedż % Poprawnych
Jak miał na imię ojciec Petera Quilla? Ego
100%
Kto zamierzał rozszerzyć swoją świadomość, aby zawładnąć wszechświatem? Ego
100%
Kto nie założył przed walką z Abiliskiem na początku filmu, ponieważ ten go obcierał? Drax
78%
Co robił Groot, gdy reszta Strażników walczyła z Abiliskiem? Tańczył
78%
Kogo Kraglin przypadkiem zranił strzałą Yondu? Draxa
56%
Symbolem której grupy był płomień? Łowców
56%
Kto przewodził buntowi przeciwko Yondu? Tasak-Man
56%
Który z członków Łowców musiał znosić docinki Rocketa ze względu na swoje groźne imię? Tasak-Man
56%
Kogo mieli pilnować Rocket i Groot po tym, jak Milano rozbił się na Berhert? Nebuli
44%
Kto poświęcił się, by uratować Petera Quilla podczas ucieczki przed wybuchającą planetą Ego? Yondu
44%
Jakiego elementu garderoby nienawidził Groot? Nakryć głowy / Czapki
33%
Jaką pieszczotliwą ksywkę Yondu nadał Grootowi? Badylek
22%
Kto był niezadowolony z konieczności noszenia stroju Łowców? Groot
22%
Co wyczuła Mantis, dotykając Petera Quilla? Miłość do Gamory
22%
W czym Mantis pomagała Ego? W zasypianiu
22%
Wymień jeden z przedmiotów, które Groot przyniósł z kwatery Yondu zamiast płetwy? Bielizna / Biurko / Sztuczne Oko / Orloni
11%
Jaki przedmiot, należący do Petera Quilla, został zniszczony przez Ego? Odtwarzacz kaset
11%
Użycia jakiego rodzaju energii Ego nauczył Petera Quilla? Energii Celestian
0%
Dzięki jakiej rzeczy należącej niegdyś do Petera Quilla,Ego mógł go wyśledzić? Kamieniowi Mocy / Kamieniowi Nieskończoności
0%
Jak nazywała się matka Petera Quilla? Meredith
0%
O przyniesienie jakiego przedmiotu z kwatery Yondu poprosił Groota, by ułatwić im ucieczkę? Prototypu Płetwy
0%
Jaki przedmiot Peter dał Kraglinowi po pogrzebie Yondu? Strzałkę Yondu
0%
Przed jaką rasą Ego uratował Strażników? Suwerennymi
0%
Nie znaleziono quizów pasujących do podanych kryteriów
Rozkład punktacji
Procent ludzi z każdym wynikiem
Percentyl według liczby udzielonych odpowiedzi
Twoja historia wyników
Nie rozwiązałeś tego quizu